[Event "Wellington op"]
[Site "Wellington"]
[Date "2025.04.19"]
[Round "4"]
[White "Archer, Ollie"]
[Black "Young, Cohen"]
[Result "1-0"]
[WhiteElo "2021"]
[BlackElo "2040"]
[PlyCount "41"]
[EventDate "2025.04.17"]
[EventType "swiss"]
[EventRounds "6"]
[EventCountry "NZL"]
[SourceTitle "CB17_2025"]
[SourceDate "2025.04.23"]
[SourceVersion "1"]
[SourceVersionDate "2025.04.23"]
[SourceQuality "1"]

1. d4 Nf6 2. c4 e6 3. Nf3 d5 4. Nc3 dxc4 5. e4 Bb4 6. Bxc4 Nxe4 7. 0-0 Nf6 8. Qa4+ Nc6 9. Ne5 a5 10. Nxc6 bxc6 11. Qxc6+ Bd7 12. Qf3 0-0 13. Bg5 Be7 14. Rad1 Rb8 15. b3 Nd5 16. Bxe7 Nxe7 17. d5 exd5 18. Nxd5 Nf5 19. Bd3 g6 20. Bxf5 Bxf5 21. Qc3 1-0

[Event "Wellington op"]
[Site "Wellington"]
[Date "2025.04.18"]
[Round "2"]
[White "Malcolm, Aidan"]
[Black "Young, Cohen"]
[Result "0-1"]
[WhiteElo "1732"]
[BlackElo "2040"]
[PlyCount "48"]
[EventDate "2025.04.17"]
[EventType "swiss"]
[EventRounds "6"]
[EventCountry "NZL"]
[SourceTitle "CB17_2025"]
[SourceDate "2025.04.23"]
[SourceVersion "1"]
[SourceVersionDate "2025.04.23"]
[SourceQuality "1"]

1. d4 Nf6 2. Nc3 d5 3. e4 Nxe4 4. Nxe4 dxe4 5. Be3 Bf5 6. g4 Bg6 7. Ne2 h6 8. h4 Nc6 9. Qd2 e5 10. 0-0-0 Qd5 11. Nc3 Qa5 12. Bb5 Bb4 13. Bxc6+ bxc6 14. dxe5 0-0 15. Kb1 Rab8 16. Ka1 Qxe5 17. Bf4 Qa5 18. Rh3 f5 19. Bxh6 fxg4 20. Rg3 Bf7 21. Qg5 Bxc3 22. Qxa5 Bxa5 23. Rxg4 Kh7 24. Bxg7 Bh5 0-1

[Event "NZL-ch Rapid op 132nd"]
[Site "Wellington"]
[Date "2025.01.12"]
[Round "9"]
[White "Thurner, Anya"]
[Black "Young, Cohen"]
[Result "0-1"]
[WhiteElo "1830"]
[BlackElo "2034"]
[PlyCount "140"]
[EventDate "2025.01.11"]
[EventType "swiss (rapid)"]
[EventRounds "9"]
[EventCountry "NZL"]
[SourceTitle "CB03_2025"]
[SourceDate "2025.01.15"]
[SourceVersion "1"]
[SourceVersionDate "2025.01.15"]
[SourceQuality "1"]

1. e4 c5 2. Nf3 d6 3. d4 cxd4 4. Nxd4 Nf6 5. f3 e5 6. Nb3 d5 7. Bg5 d4 8. c3 a5 9. Bb5+ Bd7 10. Bxd7+ Qxd7 11. 0-0 a4 12. Nc1 Nc6 13. Nd3 Be7 14. Qc2 Ng4 15. Bc1 Nf6 16. Bg5 0-0 17. Bxf6 gxf6 18. f4 Kh8 19. f5 Rg8 20. Nd2 a3 21. Nb3 axb2 22. Qxb2 dxc3 23. Qxc3 Rad8 24. Rfd1 Nd4 25. Nxd4 Qxd4+ 26. Qxd4 Rxd4 27. Nf2 Bc5 28. Rxd4 Bxd4 29. Rc1 Ra8 30. Rc2 Ra4 31. Re2 Rc4 32. g3 Kg7 33. Kg2 Kf8 34. Ng4 Ke7 35. Kh3 Rc3 36. Kg2 b5 37. Nf2 b4 38. Ng4 Rc6 39. Kh3 Bc3 40. Ne3 Kd6 41. Nd5 Kc5 42. a3 Kb5 43. axb4 Bxb4 44. Nxb4 Kxb4 45. Kg4 Kc3 46. Kf3 Kd3 47. Re3+ Kd4 48. Re2 Rc3+ 49. Kf2 h5 50. h3 Rd3 51. g4 Rxh3 52. gxh5 Rxh5 53. Kf3 Rh3+ 54. Kf2 Rd3 55. Re1 Rh3 56. Rd1+ Kxe4 57. Rd7 Kxf5 58. Rxf7 Ra3 59. Ke2 Ke6 60. Rf8 f5 61. Kf2 e4 62. Ke2 Ke5 63. Kf2 Kf4 64. Rh8 Ra2+ 65. Ke1 Ke3 66. Rh3+ Kd4 67. Rb3 f4 68. Rh3 f3 69. Rh8 Ke3 70. Kf1 Ra1# 0-1

[Event "NZL-ch Rapid op 132nd"]
[Site "Wellington"]
[Date "2025.01.12"]
[Round "8"]
[White "Young, Cohen"]
[Black "Malcolm, Leo"]
[Result "1-0"]
[WhiteElo "2034"]
[BlackElo "1793"]
[PlyCount "101"]
[EventDate "2025.01.11"]
[EventType "swiss (rapid)"]
[EventRounds "9"]
[EventCountry "NZL"]
[SourceTitle "CB03_2025"]
[SourceDate "2025.01.15"]
[SourceVersion "1"]
[SourceVersionDate "2025.01.15"]
[SourceQuality "1"]

1. e4 e5 2. Nf3 Nc6 3. Bb5 f5 4. d3 fxe4 5. dxe4 Nf6 6. 0-0 d6 7. Bc4 h6 8. Nc3 Bg4 9. Be3 Be7 10. b4 Qc8 11. h3 Bh5 12. Rb1 Nd8 13. Kh2 g5 14. Be2 Ne6 15. g3 Rg8 16. Nd2 Bxe2 17. Nxe2 h5 18. f4 gxf4 19. gxf4 exf4 20. Nxf4 h4 21. Nd5 Qd8 22. Nxf6+ Bxf6 23. Qh5+ Kd7 24. Qf7+ Be7 25. Nc4 Ng5 26. Ne5+ Kc8 27. Qf5+ Kb8 28. Nd7+ Kc8 29. Nb6+ Kb8 30. Nxa8 Kxa8 31. a4 Rf8 32. Qg4 Nf7 33. Qh5 Ne5 34. Rf5 Rh8 35. Qe2 Bf6 36. Rbf1 Nd7 37. Bf4 Ne5 38. Rg1 Rf8 39. Bg5 b6 40. Rgf1 Nd7 41. Bxf6 Rxf6 42. Rxf6 Nxf6 43. e5 dxe5 44. Qf3+ Nd5 45. c4 c6 46. cxd5 cxd5 47. Qf8 Qxf8 48. Rxf8+ Kb7 49. Kg2 a5 50. b5 Kc7 51. Kf2 1-0

[Event "Titled Tuesday intern op 03rd Sep Late"]
[Site "Chess.com INT"]
[Date "2024.09.03"]
[Round "2"]
[White "Bogaudinov, Rushan"]
[Black "Young, Cohen"]
[Result "0-1"]
[WhiteElo "1912"]
[BlackElo "2004"]
[PlyCount "128"]
[EventDate "2024.09.03"]
[EventType "swiss (blitz)"]
[EventRounds "11"]
[EventCountry "USA"]
[SourceTitle "EXT 2025"]
[Source "ChessBase"]
[SourceDate "2024.10.14"]
[SourceVersion "1"]
[SourceVersionDate "2024.10.14"]
[SourceQuality "1"]

1. d4 Nf6 2. Nf3 d5 3. e3 e6 4. c4 Be7 5. Nc3 0-0 6. Be2 dxc4 7. Bxc4 a6 8. 0-0 b5 9. Be2 c5 10. a4 b4 11. Nb1 Bb7 12. Nbd2 Nc6 13. Nc4 cxd4 14. exd4 a5 15. Be3 Nd5 16. Nce5 Rc8 17. Bb5 Nxe5 18. Nxe5 Nxe3 19. fxe3 Qd5 20. Qe2 Rcd8 21. Rac1 Bg5 22. Rf3 f6 23. Bc4 Qd6 24. Rg3 fxe5 25. Rxg5 exd4 26. Qg4 dxe3 27. Rxg7+ Kh8 28. Rxb7 Rg8 29. Qe2 Qc6 30. Rf7 Rd2 31. Re1 Rxg2+ 32. Kf1 Rdxe2 33. Bxe2 Rf2+ 34. Rxf2 exf2 35. Kxf2 Qc5+ 36. Kf1 Qf5+ 37. Kg1 Qc2 38. b3 Qxb3 39. Bb5 Qc3 40. Kf2 Qc5+ 41. Re3 b3 42. Bd3 b2 43. Ke2 Qc1 44. Rxe6 b1Q 45. Re8+ Kg7 46. Bxb1 Qxb1 47. Re3 Qc2+ 48. Kf3 Qxa4 49. Re4 Qb4 50. Rxb4 axb4 51. Ke3 Kg6 52. Kd3 Kh5 53. Kc4 Kh4 54. Kxb4 Kh3 55. Kc3 Kxh2 56. Kd3 Kg3 57. Ke4 h5 58. Ke3 h4 59. Ke2 Kg2 60. Ke3 h3 61. Kf4 h2 62. Kg4 h1Q 63. Kf4 Qh3 64. Kg5 Qg3+ 0-1

[Event "Titled Tuesday intern op 03rd Sep Late"]
[Site "Chess.com INT"]
[Date "2024.09.03"]
[Round "3"]
[White "Young, Cohen"]
[Black "George Micheal, Kevin"]
[Result "0-1"]
[WhiteElo "2004"]
[BlackElo "2267"]
[PlyCount "28"]
[EventDate "2024.09.03"]
[EventType "swiss (blitz)"]
[EventRounds "11"]
[EventCountry "USA"]
[SourceTitle "EXT 2025"]
[Source "ChessBase"]
[SourceDate "2024.10.14"]
[SourceVersion "1"]
[SourceVersionDate "2024.10.14"]
[SourceQuality "1"]

1. e4 c6 2. Nf3 d5 3. Nc3 Nf6 4. e5 Nfd7 5. d4 e6 6. Bd3 c5 7. 0-0 Nc6 8. Re1 a6 9. Ne2 c4 10. Bxc4 dxc4 11. d5 exd5 12. Nf4 Nc5 13. Nxd5 Be6 14. Bg5 Qxd5 0-1

[Event "Titled Tuesday intern op 03rd Sep Late"]
[Site "Chess.com INT"]
[Date "2024.09.03"]
[Round "9"]
[White "Young, Cohen"]
[Black "Kochiev, Ivan"]
[Result "0-1"]
[WhiteElo "2004"]
[BlackElo "2074"]
[PlyCount "54"]
[EventDate "2024.09.03"]
[EventType "swiss (blitz)"]
[EventRounds "11"]
[EventCountry "USA"]
[SourceTitle "EXT 2025"]
[Source "ChessBase"]
[SourceDate "2024.10.14"]
[SourceVersion "1"]
[SourceVersionDate "2024.10.14"]
[SourceQuality "1"]

1. e4 e5 2. Nf3 d5 3. exd5 e4 4. Qe2 Nf6 5. Nc3 Be7 6. Nxe4 0-0 7. d3 Qxd5 8. Bd2 Nc6 9. Nc3 Qa5 10. 0-0-0 Bb4 11. a3 Bxa3 12. bxa3 Qxa3+ 13. Kb1 Nb4 14. d4 Be6 15. Bc1 Qxc3 16. Bb2 Qc6 17. c4 Bf5+ 18. Kc1 Rfe8 19. Ne5 Qa4 20. Bc3 Na2+ 21. Kb2 Nxc3 22. Kxc3 Qa3+ 23. Kd2 Ne4+ 24. Ke1 Qb4+ 25. Rd2 Nxd2 26. Qxd2 Qb1+ 27. Qd1 f6 0-1

[Event "NZL-ch Rapid 131st"]
[Site "Palmerston North"]
[Date "2024.01.12"]
[Round "6.5"]
[White "Young, Cohen"]
[Black "Hookings, Jonathon"]
[Result "1-0"]
[WhiteElo "1829"]
[BlackElo "1477"]
[PlyCount "53"]
[EventDate "2024.01.11"]
[EventType "swiss (rapid)"]
[EventRounds "9"]
[EventCountry "NZL"]
[SourceTitle "CBM 218 Extra"]
[Source "ChessBase"]
[SourceDate "2024.03.31"]
[SourceVersion "1"]
[SourceVersionDate "2024.03.31"]
[SourceQuality "1"]

1. e4 c6 2. Nc3 d5 3. Nf3 Bg4 4. h3 Bxf3 5. Qxf3 e6 6. d3 Nd7 7. Bd2 Qc7 8. 0-0-0 Ngf6 9. g4 Ne5 10. Qg3 Bd6 11. f4 Ng6 12. e5 Nxe5 13. fxe5 Bxe5 14. Qf3 0-0-0 15. Ne2 Qb6 16. d4 Bxd4 17. Nxd4 Qxd4 18. Bd3 h6 19. Kb1 Rde8 20. Bc3 Qc5 21. Bxf6 gxf6 22. Qxf6 e5 23. Bf5+ Kb8 24. Qxf7 e4 25. Qg7 a6 26. Qd4 Qd6 27. Bxe4 1-0

[Event "NZL-ch op 131st"]
[Site "Palmerston North"]
[Date "2024.01.10"]
[Round "9.7"]
[White "Zhang, Kendrick Botong"]
[Black "Young, Cohen"]
[Result "1/2-1/2"]
[WhiteElo "1815"]
[BlackElo "1829"]
[PlyCount "47"]
[EventDate "2024.01.02"]
[EventType "swiss"]
[EventRounds "9"]
[EventCountry "NZL"]
[SourceTitle "CBM 218 Extra"]
[Source "ChessBase"]
[SourceDate "2024.03.31"]
[SourceVersion "1"]
[SourceVersionDate "2024.03.31"]
[SourceQuality "1"]

1. e4 c5 2. Nf3 d6 3. d4 cxd4 4. Nxd4 Nf6 5. Nc3 Nc6 6. f3 e5 7. Nb3 Be6 8. Be3 d5 9. exd5 Nxd5 10. Nxd5 Qxd5 11. Qxd5 Bxd5 12. 0-0-0 0-0-0 13. c4 Be6 14. Rxd8+ Kxd8 15. Nc5 Bxc5 16. Bxc5 Kc7 17. Be2 Rd8 18. b3 Nd4 19. Bd1 b6 20. Ba3 Bf5 21. Re1 f6 22. Bb2 Rd7 23. g4 Bg6 24. Bxd4 1/2-1/2

[Event "NZL-ch op 131st"]
[Site "Palmerston North"]
[Date "2024.01.03"]
[Round "2"]
[White "Young, Cohen"]
[Black "Middelburg, Tom"]
[Result "0-1"]
[WhiteElo "1829"]
[BlackElo "2358"]
[PlyCount "68"]
[EventDate "2024.01.02"]
[EventType "swiss"]
[EventRounds "9"]
[EventCountry "NZL"]
[SourceTitle "CBM 218 Extra"]
[Source "ChessBase"]
[SourceDate "2024.03.31"]
[SourceVersion "1"]
[SourceVersionDate "2024.03.31"]
[SourceQuality "1"]

1. e4 c6 2. Nc3 d5 3. Nf3 g6 4. d4 Bg7 5. e5 f6 6. Bf4 Nd7 7. Qd2 g5 8. exf6 exf6 9. Qe3+ Ne7 10. Bd6 Nb6 11. Qxe7+ Qxe7+ 12. Bxe7 Kxe7 13. Bd3 Be6 14. 0-0-0 Nc8 15. Rde1 Nd6 16. Ne2 Kf7 17. Ng3 Rae8 18. Re2 h5 19. Nf1 g4 20. Nh4 f5 21. c3 Bh6+ 22. Kc2 Bg5 23. g3 Bxh4 24. gxh4 f4 25. Nd2 Nf5 26. Re5 Nxh4 27. Rhe1 Kf6 28. c4 Ng2 29. Rg1 f3 30. Kc3 Bd7 31. Rxe8 Rxe8 32. cxd5 cxd5 33. Nb1 Bf5 34. Bxf5 Kxf5 0-1

[Event "Wellington CC Autumn Cup-B"]
[Site "Wellington"]
[Date "2023.06.01"]
[Round "3"]
[White "Forster, William"]
[Black "Young, Cohen"]
[Result "0-1"]
[WhiteElo "2008"]
[BlackElo "2088"]
[PlyCount "74"]
[EventDate "2023.05.18"]
[EventType "tourn"]
[EventRounds "5"]
[EventCountry "NZL"]
[SourceTitle "EXT 2025"]
[Source "ChessBase"]
[SourceDate "2024.10.14"]
[SourceVersion "1"]
[SourceVersionDate "2024.10.14"]
[SourceQuality "1"]

1. d4 Nf6 2. c4 e6 3. Nf3 d5 4. Nc3 c5 5. e3 dxc4 6. Bxc4 a6 7. 0-0 b5 8. Bd3 Bb7 9. Qe2 Nbd7 10. Rd1 Rc8 11. h3 Qb6 12. a4 c4 13. Bb1 b4 14. Na2 a5 15. e4 Ba6 16. Be3 Qb7 17. d5 e5 18. Qd2 Qb8 19. Nc1 Nc5 20. d6 Ncd7 21. Nxe5 Nxe5 22. f4 c3 23. bxc3 bxc3 24. Qd4 Ned7 25. Bc2 Rc4 26. Rb1 Qa8 27. e5 Rxd4 28. Bxd4 Bxd6 29. exd6 0-0 30. Bxc3 Rc8 31. Bxf6 Nxf6 32. d7 Nxd7 33. Bf5 Rd8 34. Bxd7 Qa7+ 35. Kh1 Rxd7 36. Rxd7 Qxd7 37. Rb8+ Bc8 0-1

[Event "Oceania zt 3.6"]
[Site "Melbourne"]
[Date "2023.01.24"]
[Round "2"]
[White "Young, Cohen"]
[Black "Liu, Yi"]
[Result "0-1"]
[WhiteElo "1835"]
[BlackElo "2303"]
[PlyCount "72"]
[EventDate "2023.01.23"]
[EventType "swiss"]
[EventRounds "9"]
[EventCountry "AUS"]
[SourceTitle "CBM 212 Extra"]
[Source "ChessBase"]
[SourceDate "2023.03.31"]
[SourceVersion "1"]
[SourceVersionDate "2023.03.31"]
[SourceQuality "1"]

1. e4 e6 2. d4 d5 3. Nc3 Nf6 4. Bg5 Bb4 5. e5 h6 6. Be3 Ne4 7. Qg4 g6 8. a3 Bxc3+ 9. bxc3 Nxc3 10. Bd3 b6 11. h4 Ba6 12. h5 g5 13. f4 gxf4 14. Qg7 Kd7 15. Qxf7+ Qe7 16. Qxe7+ Kxe7 17. Bxf4 c5 18. dxc5 bxc5 19. Nf3 Bxd3 20. cxd3 Nc6 21. Rc1 d4 22. g4 Rhf8 23. Nh4 Rxf4 24. Ng6+ Kd7 25. Nxf4 Nxe5 26. Kd2 Rg8 27. Ng6 Nxg6 28. hxg6 Rxg6 29. Rcf1 Rxg4 30. Rxh6 Rg2+ 31. Kc1 Na2+ 32. Kd1 Nc3+ 33. Kc1 c4 34. Rf3 Na2+ 35. Kd1 c3 36. Rf7+ Kd6 0-1

[Event "NZL-ch rapid op 130th"]
[Site "Wellington"]
[Date "2023.01.05"]
[Round "5"]
[White "Young, Cohen"]
[Black "Hague, Ben"]
[Result "0-1"]
[WhiteElo "1835"]
[BlackElo "2381"]
[PlyCount "116"]
[EventDate "2023.01.04"]
[EventType "swiss (rapid)"]
[EventRounds "9"]
[EventCountry "NZL"]
[SourceTitle "CBM 212 Extra"]
[Source "ChessBase"]
[SourceDate "2023.03.31"]
[SourceVersion "1"]
[SourceVersionDate "2023.03.31"]
[SourceQuality "1"]

1. e4 Nf6 2. e5 Nd5 3. d4 d6 4. Nf3 dxe5 5. Nxe5 c6 6. c4 Nf6 7. Be3 Bf5 8. Bd3 Bxd3 9. Qxd3 Nbd7 10. f4 e6 11. Nc3 Be7 12. 0-0 0-0 13. Rad1 Qc7 14. Kh1 Rad8 15. Ne4 Nxe4 16. Qxe4 Nf6 17. Qf3 Qa5 18. a3 Qa4 19. Bg1 a5 20. h3 Qc2 21. Rf2 Qe4 22. Qc3 a4 23. Rff1 h5 24. Rde1 Qf5 25. b3 h4 26. Qd3 Qxd3 27. Nxd3 axb3 28. Rb1 Ne4 29. Rfe1 Nd2 30. Rb2 Nxc4 31. Rxb3 b5 32. f5 Bxa3 33. fxe6 fxe6 34. Rxe6 Bd6 35. Rb1 Rde8 36. Rg6 Nd2 37. Rc1 Ne4 38. Bh2 Bxh2 39. Kxh2 Rd8 40. Rg4 Nf6 41. Rf4 Rd6 42. Ne5 Rc8 43. Rxh4 b4 44. Rf4 Nd5 45. Rf2 Nc3 46. Rb2 Rxd4 47. Nf3 Rf4 48. Re1 c5 49. Rd2 Rf7 50. Ne5 Re7 51. Rd7 Rce8 52. Rxe7 Rxe7 53. Nd3 Rxe1 54. Nxe1 c4 55. Nc2 b3 56. Na3 b2 57. Kg3 b1Q 58. Nxb1 Nxb1 0-1

[Event "NZL-ch U18 op"]
[Site "Wellington"]
[Date "2023.01.03"]
[Round "1"]
[White "Zhou, Adele"]
[Black "Young, Cohen"]
[Result "0-1"]
[WhiteElo "1166"]
[BlackElo "1994"]
[PlyCount "50"]
[EventDate "2023.01.02"]
[EventType "swiss"]
[EventRounds "7"]
[EventCountry "NZL"]
[SourceTitle "CBM 212 Extra"]
[Source "ChessBase"]
[SourceDate "2023.03.31"]
[SourceVersion "1"]
[SourceVersionDate "2023.03.31"]
[SourceQuality "1"]

1. e4 c5 2. c3 Nf6 3. d3 Nc6 4. Nf3 e5 5. Bg5 Be7 6. Be2 d5 7. exd5 Nxd5 8. Bxe7 Qxe7 9. 0-0 Bf5 10. Re1 0-0-0 11. Na3 Nf4 12. d4 e4 13. Bb5 Qf6 14. Bxc6 bxc6 15. Ne5 Rhe8 16. Qa4 Rxe5 17. dxe5 Qg6 18. g3 Nh3+ 19. Kf1 e3 20. Rxe3 Rd2 21. Rf3 Bd3+ 22. Kg2 Be4 23. Kxh3 Qh5+ 24. Kg2 Qxf3+ 25. Kh3 Qh5# 0-1

[Event "Wellington CC-chB"]
[Site "Wellington"]
[Date "2022.10.20"]
[Round "4"]
[White "Young, Cohen"]
[Black "Ackroyd, William"]
[Result "1-0"]
[WhiteElo "1645"]
[BlackElo "1711"]
[PlyCount "53"]
[EventDate "2022.09.29"]
[EventType "tourn"]
[EventRounds "9"]
[EventCountry "NZL"]
[SourceTitle "EXT 2025"]
[Source "ChessBase"]
[SourceDate "2024.10.14"]
[SourceVersion "1"]
[SourceVersionDate "2024.10.14"]
[SourceQuality "1"]

1. d4 Nf6 2. c4 Nc6 3. Nf3 d6 4. Nc3 e5 5. d5 Ne7 6. e4 Ng6 7. h3 a5 8. Be3 b6 9. Qd2 Be7 10. Bd3 Nh5 11. g3 Bd7 12. Qd1 Qc8 13. Ng1 Nf6 14. Bc2 Qa6 15. Nb5 0-0-0 16. Qd3 c6 17. Nc3 cxd5 18. exd5 Kb7 19. Na4 Bxa4 20. Bxa4 Ka7 21. Bb5 Qc8 22. a3 Qb7 23. b4 Kb8 24. bxa5 bxa5 25. Bc6 Qa6 26. Rb1+ Kc7 27. Bb6+ 1-0